书目信息 |
| 题名: |
机械原理习题精解
|
|
| 作者: | 王晶 主编 | |
| 分册: | ||
| 出版信息: | 西安 西安交通大学出版社 2002.07 |
|
| 页数: | 184页 | |
| 开本: | 26cm | |
| 丛书名: | ||
| 单 册: | ||
| 中图分类: | TH111-44 | |
| 科图分类: | ||
| 主题词: | 机构学 | |
| 电子资源: | ||
| ISBN: | 7-5605-1528-2 | |
| 000 | 00545nam0 2200193 45 | |
| 001 | 0439957157 | |
| 005 | 2004042811055555 | |
| 010 | @a7-5605-1528-2@dCNY 23.00 | |
| 100 | @a20040428d2002 km y0chiy0120 ea | |
| 101 | 0 | @achi |
| 102 | @aCN@b610000 | |
| 200 | 1 | @a机械原理习题精解@AJi Xie Yuan Li Xi Ti Jing Jie@f王晶主编@FWang Jing Zhu Bian |
| 210 | @a西安@c西安交通大学出版社@d2002.07 | |
| 215 | @a184页@d26cm | |
| 606 | 0 | @a机构学 |
| 690 | @aTH111-44@v3 | |
| 701 | 0 | @a王晶@AWang Jing@4主编 |
| 801 | 0 | @aCN@bPFT@c20040428 |
| 905 | @dTH111-44@eW232 | |
| 机械原理习题精解/王晶主编.-西安:西安交通大学出版社,2002.07 |
| 184页;26cm |
| ISBN 7-5605-1528-2:CNY 23.00 |
| ● |
| 相关链接 |
|
|
|
正题名:机械原理习题精解
索取号:TH111-44/W232
 
预约/预借
| 序号 | 登录号 | 条形码 | 馆藏地/架位号 | 状态 | 备注 |
| 1 | 382410 | 203824102 | 自科库501/501自科库 32排1列4层/ [索取号:TH111-44/W232] | 在馆 | |
| 2 | 382411 | 203824111 | 自科库501/501自科库 32排1列4层/ [索取号:TH111-44/W232] | 在馆 | |
| 3 | 382412 | 203824120 | 自科库501/501自科库 32排1列4层/ [索取号:TH111-44/W232] | 在馆 |